Criminología teórica: el discurso criminológico

Guardat en:
Dades bibliogràfiques
Autor principal: Sánchez Rodríguez, Sergio (Autor)
Format: Llibre
Idioma:espanyol
Publicat: Santiago Metropolitana 2012
Edició:1a. ed
Matèries:
Etiquetes: Afegir etiqueta
Sense etiquetes, Sigues el primer a etiquetar aquest registre!

MARC

LEADER 00000cam a2200000 a 4500
001 UCF1085
003 CL-VaPUC
008 120621e20120000CL |||||||||||||||||spa|d
020 |a 9789562861366 
082 0 4 |a 364  |b SAN  |2 21 
100 0 |a Sánchez Rodríguez, Sergio  |e author  |9 562741 
245 1 0 |a Criminología teórica: el discurso criminológico 
250 |a 1a. ed 
300 |a 313 p 
942 |c BK 
945 |d 20120621 00:00:00  |a cmena 
260 |a Santiago  |b Metropolitana  |c 2012 
650 0 |a Criminología  |9 256168 
650 0 |a Psicopatología   |9 307473 
650 7 |a CRIMINALES  |2 CL-VaPUC  |9 322996 
583 |a last modification  |c 20120621 10:53:00  |k Rodrigo Vera 
999 |c 348059  |d 348057 
952 |0 0  |1 0  |4 0  |6 364_000000000000000_SAN_2012  |7 0  |8 A  |9 449927  |a BIBDER  |b BIBDER  |d 2019-11-22  |i 4857518  |o 364 SAN 2012  |p 4857518  |r 2023-01-25  |w 2019-11-22  |y BK  |k DER